00238nam a2200085Ia 4500001000800000005001700008008004100025245006200066260002400128109578120250827003021.0250824s9999 xx 000 0 und d 0aŞİMDİ ŞEHİR İÇİN KALP ZAMANIcKEMAL SAYAR bTİMAŞ YAYINLARI